Fundamentos generales del currículo

Este libro comprende los fundamentos legales, filosóficos, epistemológicos, sociológicos, psicológicos y pedagógicos del currículo, para los todos los niveles de educación básica.

Guardat en:
Dades bibliogràfiques
Autor corporatiu: Colombia. Ministerio de Educación Nacional
Format: Llibre
Idioma:Spanish
Publicat: Bogotá: MEN, [1988?]
Matèries:
Accés en línia:Enlace del recurso
Etiquetes: Afegir etiqueta
Sense etiquetes, Sigues el primer a etiquetar aquest registre!

MARC

LEADER 00000nam a2200000 a 4500
001 000849
008 030409q1998 ck # fr# #000|0#spa#d
041 0 |a spa 
043 |a s-ck--- 
082 0 4 |a 375.001  |b C545f 
110 2 |a Colombia.  |b Ministerio de Educación Nacional 
245 1 0 |a Fundamentos generales del currículo   |c Ministerio de Educación Nacional 
260 |a Bogotá:  |b MEN,  |c [1988?] 
300 |a 55 p. 
504 |a Incluye bibliografía. 
520 3 |a Este libro comprende los fundamentos legales, filosóficos, epistemológicos, sociológicos, psicológicos y pedagógicos del currículo, para los todos los niveles de educación básica. 
650 1 4 |a CURRÍCULO  |z COLOMBIA 
650 1 4 |a PLANES DE ESTUDIO 
999 |c 3001  |d 3001 
856 |u https://catalogo.idep.edu.co/cgi-bin/koha/opac-detail.pl?biblionumber=3001  |z Enlace del recurso